[Event "URS-chT Cup 11th"]
[Site "Rostov on Don"]
[Date "1980.05.??"]
[Round "5"]
[White "Palatnik, Semon"]
[Black "Kuzmin, Gennadi P"]
[Result "0-1"]
[WhiteElo "2500"]
[BlackElo "2530"]
[Annotator "RR"]
[PlyCount "72"]
[EventDate "1980.05.23"]
[EventType "team-tourn"]
[EventRounds "7"]
[EventCountry "URS"]
[SourceTitle "EXT 2020"]
[Source "ChessBase"]
[SourceDate "2019.10.17"]
[SourceVersion "1"]
[SourceVersionDate "2019.10.17"]
[SourceQuality "1"]
[WhiteTeam "Country Societies"]
[BlackTeam "Avangard"]
[WhiteTeamCountry "URS"]
[BlackTeamCountry "URS"]

1. d4 Nf6 2. c4 e6 3. g3 d5 4. Nf3 Be7 5. Bg2 O-O 6. O-O dxc4 7. Ne5 {Cette
ligne secondaire a perdu aujourd'hui beaucoup de sa popularité en faveur de Qc2
} (7. Qc2 {la grande ligne}) 7... Qd6 $6 {un coup bizarre mais les deux
joueurs font un duel théorique sur cette ligne en rejouant une partie} (7...
Nc6 8. Nxc6 bxc6 9. Na3 (9. e3 $44) 9... Bxa3 10. bxa3 Nd5) 8. Na3 Rd8 9. Naxc4
$146 {essayant d'améliorer la partie jouée deux ans auparavant} (9. Nb5 {
Palatnik,S (2490)-Kuzmin,G (2535) Kiev 1978 (3) 0-1}) 9... Qa6 {[%csl Ra6]} (
9... Qxd4 $143 $6 10. Qc2 {[%csl Rd4]}) 10. Qb3 $5 (10. b3 c5 {[%cal Gd8d1]}) (
10. Bg5 c5 11. e3 cxd4 12. exd4 Nbd7 13. Qb3 h6 14. Nxd7 Rxd7 15. Be3 $11 {
[%csl Rd4]}) 10... Rxd4 11. Be3 Rd8 12. Rad1 $44 Nd5 13. Bc1 {[%cal Ge2e4]} Nd7
14. e4 $44 N5b6 15. Bf4 Nc5 16. Rxd8+ Bxd8 17. Qb4 (17. Qd1 $5 {[%cal Gd1d8]}
Be7 18. Bg5 $3 f6 $2 (18... Bxg5 19. Qh5 {[%cal Gh5f7,Gh5g5]} g6 20. Qxg5 {
[%csl Ra6] Les noirs vont avoir du mal а terminer le développement de
l'aile-dame}) 19. Qh5 {[%csl Gf7][%cal Gh5e8]}) 17... Be7 18. Rd1 f6 19. Na5 $6
{[%cal Gg2f1] avec l'idée d'enfermer la Q mais les noirs auront des ressources
étonnantes} (19. Be3 {plus simple}) 19... fxe5 20. Bf1 Nd5 $1 {la pointe de la
défense!} 21. exd5 Qb6 $17 {[%cal Ge7b4]} 22. Qe1 exf4 23. Nc4 Qa6 24. b4 Na4
$6 (24... b5 $19) 25. Qe5 Bf8 26. d6 b5 $2 {Les noirs étaient probablement en
zeinot car ils font plusieurs coups faibles laissant une chance aux blancs de
revenir dans la partie.} (26... cxd6) 27. dxc7 Qc6 28. Na5 Qc3 29. Qxc3 (29.
Qxf4 $142) 29... Nxc3 30. Rd8 f3 {[%csl Rg1]} 31. Nc6 Nd5 32. Bd3 g6 33. Be4
Kg7 34. Bxf3 $2 (34. Nb8 $1 {[%cal Gd8c8]} Bb7 35. Bxf3 $132) 34... Nxc7 35.
Na5 Be7 36. Rd1 Nd5 0-1

[Event "World Women-ch"]
[Site "Tirana"]
[Date "2011.11.14"]
[Round "1"]
[White "Koneru, Humpy"]
[Black "Hou, Yifan"]
[Result "1/2-1/2"]
[WhiteElo "2600"]
[BlackElo "2578"]
[Annotator "Ramirez Alvarez,A"]
[PlyCount "159"]
[EventDate "2011.11.14"]
[EventType "match"]
[EventRounds "10"]
[EventCountry "ALB"]
[SourceTitle "CBM 146"]
[Source "ChessBase"]
[SourceDate "2012.01.18"]
[SourceVersion "1"]
[SourceVersionDate "2012.01.18"]
[SourceQuality "1"]

1. d4 Nf6 2. c4 e6 3. g3 d5 4. Bg2 Be7 5. Nf3 O-O 6. O-O dxc4 7. Qc2 a6 8. Qxc4
b5 9. Qc2 Bb7 10. Bd2 Be4 11. Qc1 Bb7 12. a4 {This move has rarely been played
before, but the more I analyze it the more I like it. White is trying to
encourage Black into pushing the b-pawn forward, which will restrict her dark
square bishop and create a weakness in c4. The more common move and the one
recommended by theory nowadays is 12. Bf4. Seeing that Humpy only spent 30
seconds in playing a4, it is safe to assume that she is well inside her
preparation.} b4 {A natural response, but the weakness on c4 will be a problem
later. Interestingly enough, this is every engine's top choice - a fact that
can be verified easily by using Fritz 13's "Let's Check" feature.} 13. Bf4 Nd5
{This unnatural but typical dance with the bishop is done to try to trade off
the dark squared bishop. This will greatly reduce Black's chances to push c5,
which is the thematic break in the position. So much for not moving the same
piece twice in the opening!} 14. Bg5 Nd7 (14... Bxg5 15. Qxg5 $1 {Keeps a
slight edge for white, as she will be able to swing the f1 rook to c1 and
pressure down that file.}) (14... f6 {is a weakness no one wants to commit to,
but it might be the best move.}) 15. Bxe7 Qxe7 16. Ne5 $1 {Humpy shows a very
strong understanding of the position. Her compensation for the doubled e-pawns
will be in strong pressure along the c-file and an uncomfortable pin with the
g2-bishop on its b7 counterpart.} Nxe5 17. dxe5 a5 18. Nd2 Ba6 19. Nc4 (19. Nb3
$1 {Humpy plays a very natural move. However I think that this really strong
move would have given her an advantage. I do have to admit I hadn't considered
it until I turned on the "Let's Check" option on Fritz 13. A fellow analyst's
Fritz 13 and someone else's Rybka 4.1 had found this powerful move, and it
intrigued me that the evaluation was so high despite the loss of a pawn.
Further analysis proves that the pawn is more than compensated!} Bxe2 20. Re1
Bh5 (20... Bd3 $2 21. Rd1 Bg6 22. Nd4 $16) 21. Nd4 $44 {The out of place
bishop on h5, combined with the central pressure, control of c6, weak a5 pawn,
and overall lack of plan for Black gives White an incredible amount of
compensation, if not an outright advantage!}) 19... Qc5 20. Ne3 Qe7 (20... Qxc1
$2 21. Rfxc1 {and the N on d5 is pinned, giving White a huge edge.}) 21. Rd1
Rad8 22. Nxd5 exd5 23. Qc6 Bxe2 24. Rxd5 Rxd5 25. Qxd5 {White stlil holds some
pressure, as her strong Q is hitting a lot of weaknesses. However, the
simplification of the Ns definitely favors Black.} c5 26. Re1 (26. Qd6 Qxd6 27.
exd6 Rd8 28. Re1 Bc4 {Followed by Be6 is not that scary.}) 26... Bg4 27. Rc1
Rc8 (27... Rd8 {was a tad more accurate, but it is clear that Black is very
near equality either way.}) 28. Qc4 h5 29. Bd5 Qd7 30. Re1 Rd8 31. e6 {These
simplifications are forced, as otherwise Black would have gotten too active.} (
31. Bg2 $2 Qd2 {and it's obvious the pendulum swung the other way.}) 31... fxe6
(31... Qxd5 $4 32. e7 $18 {is the pretty trick that allows White to play e6.})
32. Bxe6+ Bxe6 33. Rxe6 Qf7 34. h4 Rf8 35. Qe2 Qf3 {Black sacrifices a pawn to
reach a relatively safe rook endgame. Although white will have the only
chances to win, they are quite slim. Yifan shows how to easily draw this rook
endgame.} 36. Qxf3 Rxf3 37. Re5 (37. Rc6 {Was more accurate but after} Rb3 38.
Rxc5 g6 (38... Rxb2 $2 39. Rxh5) 39. Rc2 {the game is probably drawn, as
White's rook is too passive.}) 37... c4 38. Rxa5 Rb3 39. Rc5 Rxb2 40. Rxc4 Kf7
41. Kg2 b3 42. Rb4 g6 43. Kf3 Ra2 44. Rxb3 Rxa4 {This exchange had to happen
sooner or later, and this game is a theoretical draw. Black already has her
pawns in the ideal situation, which eases her task.} 45. Re3 Kf6 46. Re4 Ra3+
47. Kf4 Ra2 48. f3 Ra5 49. Rc4 Rf5+ 50. Ke3 Re5+ 51. Re4 Ra5 52. Rf4+ Kg7 53.
Rc4 Ra6 54. Rc5 Kf6 55. Rd5 Ra3+ 56. Ke4 Ra6 57. Rd4 Re6+ 58. Kf4 Ra6 59. Rb4
Rc6 60. g4 {Making no progress whatsoever with pure rook moves, Humpy tries to
trade some pawns. However every pawn trade simplifies the defender's task.}
hxg4 61. Kxg4 {Interestingly, this rook endgame should be drawn even without
the pawn on g6. With it, defending this endgame is elementary.} Rc5 62. Rb6+
Kg7 63. Re6 Kf7 64. Re4 Ra5 65. f4 Ra1 66. Re3 Kf6 67. Rb3 Rg1+ 68. Rg3 Ra1 69.
Rg2 Rb1 70. Rh2 Rg1+ 71. Kf3 Kf5 72. h5 gxh5 73. Rxh5+ Kf6 74. Ra5 Rf1+ 75. Ke3
Re1+ 76. Kf2 Rb1 77. Kg3 Rg1+ 78. Kf3 Rf1+ 79. Kg4 Rg1+ 80. Kf3 {And the game
was finally drawn. An interesting opening that could have been more for Humpy,
and an extremely boring endgame in which you cannot blame her for not trying.}
1/2-1/2

[Event "WchT 6th"]
[Site "Beersheba"]
[Date "2005.11.05"]
[Round "5.4"]
[White "Avrukh, Boris"]
[Black "Quesada Perez, Yuniesky"]
[Result "1-0"]
[WhiteElo "2653"]
[BlackElo "2505"]
[Annotator "Ribli,Z"]
[PlyCount "125"]
[EventDate "2005.11.01"]
[EventType "team-tourn"]
[EventRounds "9"]
[EventCountry "ISR"]
[SourceTitle "CBM 110"]
[Source "ChessBase"]
[SourceDate "2006.01.31"]
[SourceVersion "1"]
[SourceVersionDate "2006.01.31"]
[SourceQuality "1"]
[WhiteTeam "Israel"]
[BlackTeam "Cuba"]
[WhiteTeamCountry "ISR"]
[BlackTeamCountry "CUB"]

1. d4 Nf6 2. c4 e6 3. g3 d5 4. Nf3 Be7 5. Bg2 O-O 6. O-O dxc4 7. Qc2 a6 8. Qxc4
b5 9. Qc2 Bb7 10. Bd2 {Heutzutage ist diese Fortsetzung wieder in der Mode -
die Alternativen sind 10.Bg5 und 10.Bf4.} Ra7 11. Rc1 $1 {Der Turm gehört auf
die c-Linie, da Weiß den Befreiungszug c7-c5 verhindern muss.} (11. Rd1 Nbd7
12. Ba5 Qa8 13. Nbd2 c5 14. dxc5 Bxc5 15. Nb3 Bb6 16. Rac1 Bd5 {1/2-1/2
Nielsen,P-Anand,V/Bundesliga 2004/05 (24)}) 11... Be4 12. Qb3 Nbd7 (12... Bd5
13. Qe3 Nbd7 14. Ba5 Qb8 15. Nbd2 Rc8 16. b4 Bd6 17. Qd3 Qa8 18. Ne1 Bxg2 19.
Nxg2 e5 20. Ne3 exd4 21. Nf5 Bf8 22. Qf3 {1/2-1/2 Horvath,J-Senff,M/Triesen
LIE 2005/(22)}) 13. Ba5 Qa8 {Dieser starke Damenzug war die Neuerung von Leko
im Dortmunder Superturnier.} (13... Qb8 14. Nbd2 (14. Qe3 $5 b4 15. Nbd2 Ba8
16. Nb3 Rc8 17. Rc2 Be4 18. Ne5 Bxg2 19. Nxd7 $1 {1-0 Rotstein,A-Boensch,U/
Fuerstenfeld 2005 (32)}) 14... Ba8 15. Bb4 c5 $1 16. Bxc5 Nxc5 17. dxc5 Rc8 18.
Qe3 Nd5 19. Qe5 Rac7 (19... Qxe5 $5) 20. Ne4 Qa7 21. Nd4 h6 22. Nb3 {1-0
Avrukh,B-Votava,J/Gothenburg 2005/(33)}) 14. Nbd2 $146 {Eine Neuerung des
israelischen Großmeisters; im Falle von 14.Nc3 wird der e4B vertrieben, aber
jetzt kann Weiß mit 15.Qe3 fortsetzen und möglicherweise Nb3 spielen und die
Befreiung c7-c5 verhindern.} (14. Nc3 Bc6 15. a3 {[%cal Ga5b4,Gb4e7]} Bd6 16.
Bb4 Qb7 {[%cal Ga6a5]} 17. Rc2 a5 18. Bxd6 cxd6 $11 {0-1 Nielsen,P-Leko,P/
Dortmund 2005/CBM 108/[Ribli Zoltan] (60)}) 14... Bd5 15. Qe3 (15. Qd3 c5 $11 (
15... Rc8)) 15... Bd6 (15... Rc8 $5 {[%cal Gc7c5]} 16. Nb3 (16. b4) (16. Rc2 c5
17. Rac1 c4) 16... Ne4 17. Nc5 (17. Ne5) (17. Rc2 Nd6 18. Nbd2 c5 19. dxc5))
16. Bh3 {Weiß verläßt die Diagonale h1-a8, da er seinen weißfeldrigen Läufer
auf dem Brett halten will. Sein Plan ist z.B. 17.Ne1 gefolgt von 18.f3 um
später mit e4 eine starke Zentrumstellung aufbauen.} Ne4 (16... Nb8 17. Ne5 Nc6
18. Nxc6 Bxc6 19. f3 $14) (16... Rc8 17. Nb3 Ne4 18. Nc5) 17. Nxe4 Bxe4 18. Ne1
Nb6 19. Bxb6 $1 {Weiß gibt das Läuferpaar auf, aber er bekommt die
Bauernmehrheit im Zentrum.} (19. b3) 19... cxb6 20. Bg2 $1 {In ein paar Zügen
hat sich die Stellung geändert; jetzt ist es wichtig, die weißen Läufer zu
tauschen.} Bxg2 21. Nxg2 Rd7 22. Rd1 Rfd8 23. Rd3 Be7 24. Nf4 Bf6 (24... Bg5 $5
{Nach diesem Zug kann Schwarz den Springer tauschen.}) 25. Rad1 g6 26. h4 $1
Qc6 (26... Qb7) 27. b3 b4 $2 (27... Rd6) {[#]} 28. d5 $1 {[%mdl 32] Mit diesem
temporären Bauernopfer möchte Weiß eine starke Springerstellung auf d5
aufbauen.} exd5 29. Qf3 {[%csl Rd5][%cal Gf4d5]} Kg7 30. Nxd5 a5 31. h5 {
Es droht 32.h6+ mit sofortigem Gewinn.} Rd6 32. Kg2 Re8 33. e4 $16 {[%csl Gd5]
Der d5N dominiert auf dem Brett.} Rde6 34. hxg6 hxg6 35. Rh1 {[%csl Rg7][%cal
Gh1h8]} Kg8 36. Qf4 Bg7 37. Rf3 Qb7 (37... f5 38. exf5 Re4 39. Qg5 Qxd5 40.
Qxg6 $18) 38. Qc7 $1 Qxc7 39. Nxc7 $18 {[%cal Rc7e8,Rc7e6] Weiß gewinnt die
Qualität und die Partie.} Rxe4 40. Nxe8 Rxe8 41. Rd1 {[%cal Rd1d7,Rd7f7][%mdl
4096]} Re7 (41... Re2 42. Rd7 f5 43. Re3 $18) 42. Rd6 Rb7 43. Rfd3 a4 44. Rd7 (
44. bxa4 $18) 44... Rxd7 45. Rxd7 axb3 46. axb3 Bf8 47. f4 Kg7 48. Kf3 Bc5 {
Die schwarze Stellung ist zwar sicher, aber früher oder später befindet er
sich in Zugzwang.} 49. Ke4 Kf6 50. Kd5 Bf2 51. g4 Kg7 52. Ke5 Bg3 53. g5 Be1
54. f5 gxf5 (54... Bc3+ 55. Ke4 $18) 55. Kxf5 Kf8 56. Rd6 Bc3 (56... Bf2 57.
Kf6 $18) 57. Rxb6 Kg7 58. Rb7 Kf8 59. Rd7 Kg8 60. Rd6 Kg7 61. Rb6 {[%cal Gb6b4,
Gb6g6] Der schwarze König ist vom Spielgeschehen abgeschnitten. Die weiße
Drohung ist einfach: der König wandert nach c4 mit Bauerngewinn durch Rxb4.}
Bd2 62. Ke4 Be1 63. Kd3 1-0

[Event "Goodricke op 12th"]
[Site "Kolkata"]
[Date "2001.02.10"]
[Round "5"]
[White "Villamayor, Buenaventura"]
[Black "Barua, Dibyendu"]
[Result "1-0"]
[WhiteElo "2560"]
[BlackElo "2494"]
[Annotator "Ribli,Z"]
[PlyCount "105"]
[EventDate "2001.02.06"]
[EventType "swiss"]
[EventRounds "11"]
[EventCountry "IND"]
[SourceTitle "CBM 082"]
[Source "ChessBase"]
[SourceDate "2001.05.17"]
[SourceVersion "1"]
[SourceVersionDate "2001.05.17"]
[SourceQuality "1"]

1. Nf3 d5 2. c4 e6 3. d4 Nf6 4. g3 Be7 5. Bg2 O-O 6. O-O dxc4 {GM Barua wählt,
wie sein Landsmann Anand, gerne die Klassische Variante.} 7. Qc2 a6 8. Qxc4 b5
9. Qc2 Bb7 10. Bg5 {Dieser Zug wurde seinerzeit vom schwedischen GM Andersson
gespielt. Er verspricht Weiß jedoch wenig Hoffnung auf Eröffnungsvorteil - die
Alternativen (10.Bf4 und 10.Bd2) sind gefährlicher.} Nbd7 11. Bxf6 (11. Nbd2
Rc8 (11... c5 12. dxc5 Nxc5 13. Bxf6 gxf6 14. Rfd1 Qb6 15. Nd4 Rac8 $13) 12.
Bxf6 Nxf6 {Das ist nur eine Zugumstellung zur Partiefortsetzung.} 13. Nb3)
11... Nxf6 12. Nbd2 {Weiß bereitet Nb3-c5 vor.} Rc8 13. Nb3 Be4 (13... c5 14.
dxc5) 14. Qc1 (14. Qc3 Nd5 15. Qd2 Bb4 16. Qd1 c5 17. dxc5 Bxc5 18. Nxc5 Rxc5
19. Rc1 Qc7 20. Rxc5 Qxc5 $11) 14... c5 {Schwarz muss so spielen, ansonsten
kann Weiß den Springer auf c5 platzieren.} 15. dxc5 a5 (15... Qc7 $5 16. Qf4
Qxf4 17. gxf4 Bxc5 18. Ne5 Bxg2 19. Kxg2 Bd6 20. Nd3 Nd5 21. e3 Nb6 $11) 16. a4
(16. Rd1 Qc7 17. a4 Bxc5 18. Qxc5 (18. axb5 Bxf2+) 18... Qxc5 19. Nxc5 Rxc5 20.
Ne1 Bg6 $1 21. Rac1 {1/2-1/2 Krivonosov,O-Veingold,A/Tallinn (zt) 73/(557)
1998/Inf 73/[Veingold,A] (21)}) 16... Qd5 17. Nxa5 Bxc5 $6 {Man möchte nicht
glauben, dass dieser natürlich wirkende Läuferzug schon ein Fehler ist. Nach
17...Rxc5 kann Schwarz das Remis forciert erreichen.} (17... Rxc5 18. Qd1 Qxd1
19. Rfxd1 bxa4 20. b4 (20. Rxa4 Bc2 $19 {[%cal Rc2a4,Rc2d1]}) 20... axb3 {
1/2-1/2 Antunes,A-Kotronias,V/Pula 1997/CBM 57 ext (20)}) 18. Qd1 Qxd1 (18...
Bb6 19. Qxd5 exd5 20. axb5 Rc2 21. Nc6 $14) 19. Rfxd1 bxa4 20. Ne5 $14 {
[%mdl 2048]} Bc2 (20... Rb8 21. Bxe4 Nxe4 22. Nd3 $16 {[%csl Ra4,Gd3]}) (20...
Bb6 21. Nac4 Bc5 22. Bxe4 Nxe4 23. e3 Ra8 24. Nd7 Rfd8 25. Ncb6 Bxb6 26. Nxb6
$16 {[%csl Ra4]}) 21. Rdc1 Bd4 (21... Bb3 $2 22. Nec6 {[%csl Gc6]} Bd6 23. Nb7
$18) 22. Nec4 {Das ist interessant: in dieser konkreten Variante ist das
Springerpaar stärker als das Läuferpaar.} Bb3 (22... Be4 23. e3 Bc5 24. Rxa4
$16) 23. e3 Bc5 24. Nxb3 axb3 25. Na5 {[%csl Rb3] Nun kann Schwarz seinen
Bauern nicht mehr verteidigen.} Bd6 $5 {Ein schlauer Zug - nach dem sofortigem
Schlagen des Bauern könnte Schwarz das Spiel ausgleichen.} 26. Nc6 (26. Nxb3
Rb8 27. Na5 Be5 28. Nc6 Bxb2 $11) (26. Rxc8 $5 Rxc8 27. Rd1 Be7 (27... Be5 28.
Nc6 $1 $18 {[%cal Rc6e7,Re7g8,Re7c8,Rc6e5]}) 28. Nxb3 Rc2 29. Rd2 $16) 26...
Nd5 $2 {[%mdl 8192] Das passiert häufig: in einer etwas passiven Stellung
verliert Schwarz die Geduld und spielt einen "aktiven" Zug.} (26... Rc7 $5 $14)
27. Bxd5 exd5 28. Ra5 {[%csl Rd5]} Rfe8 (28... Rfd8 29. Rxd5 Kf8 30. Rc3 {
[%csl Rb3]}) 29. Rxd5 $16 {Weiß hat schon einen Bauern mehr und obwohl das
Material bereits reduyiert ist, hat er gute Gewinnchancen, da der Pb3 schwach
ist.} Bf8 30. Rd3 Rc7 31. Rxb3 {Mit zwei Mehrbauern ist der Sieg von Weiß
nurmehr eine Frage der Zeit.} Ra8 32. Rcc3 (32. Rbc3 $18) 32... g6 33. Nb4 (33.
Nd4 $18) 33... Ra1+ 34. Kg2 Rca7 (34... Rxc3 35. bxc3 $18) 35. Nd5 Kg7 36. Rc7
Rxc7 37. Nxc7 $18 Rb1 38. Rb7 {[%cal Rc7e6,Re6g7]} Kf6 39. Nd5+ (39. b4 $5 $18)
39... Ke6 40. Nf4+ Kf6 41. Rb6+ Kg7 42. Kf3 h5 43. h4 Be7 44. Ke2 (44. Ke4 $18)
44... Bf6 45. Nd3 {Natürlich hat Weiß hier viele Möglichkeiten, die Partie zu
gewinnen. Ich möchte nur anmerken, dass der Springer in dieser Variante
gewöhnlich sehr gut auf d3 steht.} (45. b4 $18) 45... Bc3 46. Rb3 (46. Rc6 Bf6
(46... Bxb2 47. Rb6 $18) (46... Rxb2+ 47. Nxb2 Bxb2 $18) 47. b4 $18) 46... Bf6
47. e4 Bd4 48. Rb4 Ba7 49. e5 Kf8 50. Ra4 Bb6 51. Ra6 Bd4 52. Kf3 Rf1 53. Ke4 (
53. Ke4 Bxf2 54. Rf6 $18) 1-0

[Event "GER-ch 77th"]
[Site "Osterburg"]
[Date "2006.02.04"]
[Round "2"]
[White "Gustafsson, Jan"]
[Black "Baramidze, David"]
[Result "1/2-1/2"]
[WhiteElo "2614"]
[BlackElo "2554"]
[Annotator "Ribli,Z"]
[PlyCount "57"]
[EventDate "2006.02.03"]
[EventType "swiss"]
[EventRounds "9"]
[EventCountry "GER"]
[SourceTitle "CBM 112"]
[Source "ChessBase"]
[SourceDate "2006.06.07"]
[SourceVersion "1"]
[SourceVersionDate "2006.06.07"]
[SourceQuality "1"]

1. d4 d5 2. c4 e6 3. Nf3 Nf6 4. g3 Be7 5. Bg2 O-O 6. O-O dxc4 7. Ne5 {Eine
seltene Fortsetzung, der Hauptzug ist 7.Qc2. Übrigens gibt es auch eine
ähnliche (aber andere!) Variante mit 6.Nc3 dxc4 7.Ne5.} Nc6 {Diese Fortsetzung
gibt Schwarz ausreichendes Gegenspiel.} (7... c5 8. dxc5 Qc7 9. Nxc4 $14) 8.
Bxc6 bxc6 9. Nxc6 Qe8 10. Nxe7+ Qxe7 11. Qa4 c5 12. Qa3 {[%cal Ga3e7] Weiß
nimmt nicht den c4-Bauern, er möchte die Fesselung ausnutzen und auf c5 nehmen.
} Bb7 {Das ist eine neue Idee - bis jetzt wurde die Alternative 12...e5 in
vielen Partien gespielt.} (12... e5 13. Qxc5 Qb7 (13... Qxc5 14. dxc5 Bh3 15.
Rd1 Rfc8 16. Na3 Be6 17. f3 Rab8 18. Kf2 Rxc5 {1/2-1/2 Horvath,Ju-Bauer,T/
Szekszard 1993/EXT 98 (34)}) 14. Rd1 Bh3 15. d5 (15. f3 e4 16. d5 exf3 17. exf3
Rfe8 18. Nc3 Nd7 19. Qc6 Qxc6 20. dxc6 Ne5 21. Kf2 h5 22. c7 Rac8 23. Bf4 Nd3+
24. Rxd3 cxd3 25. Ne4 {1/2-1/2 Borsuk,A-Vasiliev,O/Ramat Aviv 2004/(46)}) 15...
Rac8 16. Qa5 Ne4 17. f3 Rc5 (17... Nd6 18. Nc3 f5 19. Be3 f4 20. Bc5 Rf6 21.
Bxd6 Rxd6 22. Ne4 Rb6 23. d6 {1/2-1/2 Horvath,C-Zelcic,R/Medulin 2002/[8/4/4] 
(38)}) 18. Qe1 Nd6 19. Nc3 f5 20. Be3 Rc7 21. Qd2 $14 {1/2-1/2 Bauer,C-Lutz,C/
Plovdiv 2003/ (82)}) 13. Bg5 Rfc8 14. Nc3 Kf8 $5 {[%mdl 4]} (14... Qd7 15. Bxf6
cxd4 16. Bxd4 Qxd4 17. Rad1 Qb6 18. Rd6 Bc6 19. Rfd1 {1-0 Ehlvest,J-Kraai,J/
Berkeley USA 2005/(29)}) 15. Rfd1 (15. Bxf6 gxf6 (15... Qxf6 16. dxc5 Qe7 17.
Rfd1 Qxc5 18. Qxc5+ Rxc5 19. Rd7 Rb8 20. Rad1) 16. Rfd1 cxd4 17. Qxe7+ Kxe7 18.
Rxd4 Ba6 (18... e5 19. Rh4) 19. Rad1 (19. Rh4 Rab8) 19... Rd8 20. Rxd8 Rxd8 21.
Rxd8 Kxd8 {In der Partie bekommen wir ein ähnliches Endspiel, wo auf den
ersten Blick Weiß besser steht, aber in Wirklichkeit hat er nichts Konkretes.})
15... cxd4 16. Qxe7+ Kxe7 17. Rxd4 e5 18. Rd2 (18. Rh4 $6 h6) 18... Rd8 19.
Rad1 Rxd2 20. Rxd2 Rd8 21. Rxd8 Kxd8 $11 {[%mdl 4096] Wir haben ein Endspiel,
wo die weiße Bauernstruktur besser ist, da der c4P eine theoretische
Schwächung der schwarzen Stellung ist, aber Schwarz kann diese einzige
Schwäche überleben und das Gleichgewicht halten.} 22. Nd1 Bd5 23. Kf1 Kd7 {
[%cal Gd7d6,Gd6c5]} 24. Bxf6 gxf6 25. Ke1 {[%cal Ge1d2,Gd2c3]} Kd6 26. Kd2 f5
27. Kc3 Kc5 28. f4 f6 29. Ne3 1/2-1/2